| 000 | 00950nam a2200193 4500 | ||
|---|---|---|---|
| 005 | 20260212110110.0 | ||
| 008 | 260204b |||||||| |||| 00| 0 eng d | ||
| 020 | _a9788182475144 | ||
| 041 | _aEnglish | ||
| 082 |
_a746 _bNIS |
||
| 100 |
_aNisbet Harry _9216598 |
||
| 245 | _aGrammar of Textile Design | ||
| 260 |
_aNew Delhi _bAbhishek Publications _c2024 |
||
| 300 | _a375 | ||
| 365 |
_b1336.65 _cRs.00 |
||
| 520 | _a1. Introduction 2. Plain weave and its modification 3. Twill and kindered weaves 4. Diamonds and kindered weaves 5. Bedford cords 6. Backed fabrics 7. Fustians 8. Terry and loop pile fabrics 9. Gauze and net lend fabrics 10. Leno brocade fabrics 11. Tissue, lappet and swivel figured fabrics 12. Brocade fabric 13. Damask fabric 14. Alhambra and kindered fabric 15. Piques or toilet welts 16. Toilet quilting fabrics 17. Patent satin 18. Tapestry fabrics | ||
| 650 | _aTextile Design | ||
| 942 | _cBK | ||
| 999 |
_c370312 _d370312 |
||